José Luis Cano (Record no. 9253)

MARC details
000 -LEADER
campo de control de longitud fija 00865nam a2200241 i 4500
001 - NÚMERO DE CONTROL
campo de control 9253
003 - IDENTIFICADOR DE NÚMERO DE CONTROL
campo de control ES-MaACL
005 - FECHA Y HORA DE LA ÚLTIMA TRANSACCIÓN
campo de control 20230906145634.0
007 - CAMPO FIJO DE DESCRIPCIÓN FÍSICA--INFORMACIÓN GENERAL
campo de control de longitud fija t|
008 - DATOS DE LONGITUD FIJA--INFORMACIÓN GENERAL
campo de control de longitud fija 930526s1991 sp ||||1| spa d
020 ## - NÚMERO INTERNACIONAL ESTÁNDAR DEL LIBRO
Número Internacional Estándar del Libro 84-88003-00-5
080 ## - NÚMERO DE LA CLASIFICACIÓN DECIMAL UNIVERSAL
Número de la Clasificación Decimal Universal 86(Cano,J.L.1.06)
100 1# - ENTRADA PRINCIPAL--NOMBRE DE PERSONA
Nombre de persona Guerrero, Antonio.
9 (RLIN) 60535
245 10 - MENCIÓN DEL TÍTULO
Título José Luis Cano
Resto del título : de Sonetos de la Bahía a La España de Bonafoux : memoria de un poeta y un crítico de su tiempo /
Mención de responsabilidad, etc. Antonio Gerrero.
250 ## - MENCION DE EDICION
Mención de edición 1ª ed.
260 ## - PUBLICACIÓN, DISTRIBUCIÓN, ETC.
Lugar de publicación, distribución, etc. Algeciras :
Nombre del editor, distribuidor, etc. Fundación José Luis Cano,
Fecha de publicación, distribución, etc. [1991]
300 ## - DESCRIPCIÓN FÍSICA
Extensión 142 p. :
Otras características físicas il ;
Dimensiones 21 cm.
500 ## - NOTA GENERAL
Materiales especificados I Premio de Literatura de la Fundación José Luis Cano
600 14 - PUNTO DE ACCESO ADICIONAL DE MATERIA--NOMBRE DE PERSONA
Nombre de persona Cano, José Luis,
Fechas asociadas al nombre 1912-1999-
Subdivisión general Crítica e interpretación
9 (RLIN) 34533
710 2# - ENTRADA AGREGADA--NOMBRE DE ENTIDAD CORPORATIVA
Nombre de entidad corporativa o nombre de jurisdicción como elemento de entrada Fundación José Luis Cano.
9 (RLIN) 4341
852 ## - LOCALIZACIÓN
Ubicación ES-MaACL
Número de control de estantería L-16724
Sublocalización o colección R.121391
Holdings
Estatus retirado Estado de pérdida Estado de daño No para préstamo Biblioteca de origen Biblioteca actual Ubicación en estantería Fecha de adquisición Fuente de adquisición Total de préstamos Signatura topográfica completa Código de barras Visto por última vez Precio de reemplazo Tipo de ítem Koha
        Biblioteca del Ateneo de Madrid Biblioteca del Ateneo de Madrid Depósito 2 17/01/2008     L-16724 1009442 23/02/2023 23/02/2023 Libro impreso